000 00235nam a2200097Ia 4500
008 240625s9999 xx 000 0 und d
041 _aeng
082 _a808.20 PAN
100 _aPANDEY ABHISHEK KUMAR
245 _aCOMPETENCY BASED TRAINING
999 _c36287
_d36287